Missing Number Minefield Quiz Stats

 Plays Quiz Updated Feb 25, 2020

Support Sporcle.
Go Orange.
Score 0/30 Timer 01:30
0 Plays Today
Number Set Missing Digit % Correct
9, 0, 6, 8, 5, 3, 4, 1, 7???
51.5%
8, 2, 7, 9, 5, 4, 3, 6, 0???
51.5%
5, 0, 7, 6, 8, 4, 3, 2, 9???
51.4%
6, 7, 4, 0, 5, 8, 9, 2, 1???
51.1%
5, 2, 8, 0, 3, 4, 9, 6, 7???
51%
6, 9, 0, 3, 4, 8, 7, 5, 1???
50.8%
0, 6, 2, 7, 5, 4, 8, 1, 9???
50.8%
9, 1, 4, 2, 7, 6, 8, 3, 0???
50.8%
7, 3, 5, 8, 0, 9, 1, 6, 2???
50.7%
5, 9, 6, 8, 3, 7, 4, 1, 0???
50.5%
0, 4, 1, 9, 5, 6, 7, 2, 3???
50.4%
5, 9, 8, 1, 6, 0, 7, 2, 4???
50.3%
2, 9, 3, 1, 7, 6, 0, 5, 8???
50.3%
4, 6, 5, 0, 3, 9, 8, 1, 2???
50.1%
8, 5, 2, 0, 1, 3, 6, 9, 4???
50%
Number Set Missing Digit % Correct
4, 1, 8, 0, 3, 6, 9, 7, 2???
49.9%
2, 8, 3, 4, 0, 6, 1, 5, 9???
49.9%
4, 7, 0, 9, 8, 3, 2, 1, 6???
49.9%
0, 7, 3, 8, 2, 9, 1, 6, 5???
49.8%
1, 6, 0, 7, 2, 8, 4, 3, 5???
49.7%
3, 6, 5, 0, 7, 4, 1, 9, 2???
49.7%
4, 8, 3, 7, 1, 5, 0, 2, 9???
49.6%
7, 4, 5, 9, 8, 2, 0, 1, 3???
49.5%
1, 7, 0, 4, 3, 5, 6, 8, 2???
49.4%
2, 5, 3, 6, 4, 1, 7, 9, 0???
49.3%
5, 3, 1, 7, 0, 6, 4, 8, 2???
49.3%
1, 3, 8, 7, 4, 2, 9, 5, 0???
49.2%
4, 1, 6, 8, 7, 2, 5, 3, 9???
48.8%
6, 2, 1, 9, 8, 3, 4, 5, 7???
48.8%
6, 5, 2, 8, 3, 9, 4, 1, 7???
48%

From the Vault

The Argentina Quiz

by Biohazard

This quiz isn't going to cry for you, so don't cry for it either!
Remove Ads.
Support Sporcle.
Get the best of Sporcle when you Go Orange. This ad-free experience offers more features, more stats, and more fun while also helping to support Sporcle. Thank you for becoming a member.

Show Comments

Extras

Top Quizzes Today


Score Distribution

Your Account Isn't Verified!

In order to create a playlist on Sporcle, you need to verify the email address you used during registration. Go to your Sporcle Settings to finish the process.

Report this User

Report this user for behavior that violates our Community Guidelines.

Details: